000 00575nam a22001937a 4500
008 240610b mp ||||| |||| 00| 0 mon d
035 _a18267
040 _aDO1421060
_bmon
_cMN-UlNLM
_dMN-UlNLM
_erda
041 _amon
042 _a62639
084 _2NNA
_a72
_bЖ 705
245 0 _aНээлттэй нийгэм форум жилийн тайлан 2005
264 _aУлаанбаатар
_bАDМОN"ХХК
_c2005
300 _a60х.
336 _2rdacontent
_atext
_btxt
337 _2rdamedia
_aunmediated
_bn
338 _2rdacarrier
_avolume
_bnc
942 _2NNA
_cBK
999 _c964165
_d964222